WCW Triple Crown Winners - Statistics

General Stats
  • This quiz has been taken 191 times
  • The average score is 8 of 9
Answer Stats
Date Triple Crown Acheived Answer % Correct
January 11, 1991 Ric Flair
99%
January 22, 1996 Sting
97%
March 18, 2001 Booker T
94%
December 7, 1999 Goldberg
91%
May 31, 1999 Diamond Dallas Page
86%
July 14, 1991 Lex Luger
86%
November 26, 2000 Scott Steiner
84%
December 7, 1999 Bret Hart
83%
January 16, 2000 Chris Benoit
71%
No matching quizzes found
Score Distribution
Percent of People with Each Score
Percentile by Number Answered
Your Score History
You have not taken this quiz